000 01087nam a2200253 i 4500
001 190334
003 SpMaBN
005 20250829130334.0
008 201110s1976 sp |||| | spa d
080 _a37.013.82(043.2)
100 1 _aMeler i Muntané, Miquel,
_d1921-2005
_9170726
245 1 0 _aPedagogía terapéutica y tecnología educacional /
_cMiguel Meler Muntané.
260 _aBarcelona :
_bUniversidad de Barcelona, [Facultad de Filosofía y Ciencias de la Educación],
_c1976.
300 _a27 p. ;
_c24 cm.
502 _aTesis-Univ. Barcelona (Extracto)
594 _aPrecede al tít.: Universidad de Barcelona. Secretariado de Publicaciones Intercambio Científico y Extensión Universitaria.
650 7 _aPedagogía terapéutica
_2embne
_915909
650 4 _aTecnología educativa.
_9170727
655 _aTesis y escritos académicos
_9226867
710 2 _aUniversidad de Barcelona.
_bFacultad de Filosofía y Ciencias de la Educación.
_9174511
852 4 _aES-MaACL
_jP-1415 (89)
_9197542
_bR.68610
_cDEPO2
942 _2udc
999 _c190334
_d190334